000 01380cam a2200361 a 4500
001 11945025
005 20161215114447.0
008 000317s2000 nyu 000 0 eng
010 _a 00035109
020 _a0764585959 (alk. paper)
040 _aDLC
_cDLC
_dDLC
050 0 0 _aPR2808
_b.P47 2000
082 0 0 _aDRef 822.33
_22000
_bP42c
100 1 _aPerry, Martha.
245 1 0 _aCliffsNotes:
_bShakespeare's Julius Caesar/
_cby Martha Perry and James E. Vickers.
246 3 0 _aJulius Caesar
260 _aFoster City, CA :
_bIDG Books Worldwide,
_cc2000.
263 _a0005
300 _av, 104 pages;
_c21 cm.
600 1 0 _aShakespeare, William,
_d1564-1616.
_tJulius Caesar
_xExaminations
_vStudy guides.
600 1 0 _aCaesar, Julius
_xIn literature.
650 0 _aAssassination in literature.
650 0 _aConspiracies in literature.
650 0 _aAssassins in literature.
650 0 _aTragedy.
651 0 _aRome
_xIn literature.
700 _aVickers, James E.
_917815
_eAuthor
856 4 2 _3Publisher description
_uhttp://www.loc.gov/catdir/description/wiley039/00035109.html
856 4 1 _3Table of contents
_uhttp://www.loc.gov/catdir/toc/wiley021/00035109.html
906 _a7
_bcbc
_corignew
_d1
_eocip
_f20
_gy-gencatlg
942 _2ddc
_cDREF
999 _c5871
_d5871